| 000 | 01684cam a2200433 i 4500 | ||
|---|---|---|---|
| 001 | 200468173 | ||
| 003 | TR-AnTOB | ||
| 005 | 20260417113441.0 | ||
| 007 | ta | ||
| 008 | 260417s1963 enk 000 f eng | ||
| 010 | _a 79315183 | ||
| 015 |
_aGB6318859 _2bnb |
||
| 016 | 7 |
_a000545197 _2Uk |
|
| 016 | _a(AMICUS)000001143642 | ||
| 035 | _a(CLU)673882-ucladb-Voyager | ||
| 035 |
_a(OCoLC)05777153 _z(OCoLC)689981 _z(OCoLC)2043797 _z(OCoLC)277160410 _z(OCoLC)639674992 _z(OCoLC)844988153 _z(OCoLC)1086815823 _z(OCoLC)1200050809 _z(OCoLC)1251395403 |
||
| 035 | _a(OCoLC)ocm05777153 | ||
| 035 | _a(EXLNZ-01UCS_NETWORK)9912941159906531 | ||
| 035 | _z08-ACF-6897 | ||
| 035 | _a(TR-AnTOB)200468173 | ||
| 040 |
_aDLC _beng _erda _cDLC _dKSU _dUKM _dBTCTA _dOCLCG _dBUF _dUKMGB _dOCLCQ _dWLU _dNLC _dOCLCQ _dBRL _dOCLCO _dHHG _dOCLCF _dOCLCQ _dCUZ _dUWW _dOCLCO _dPUL _dOCLCO _dOCLCL _dOCLCQ _dOCLCL _dOCLCO _dNLC _dTR-AnTOB |
||
| 041 | 0 | _aeng | |
| 050 | 0 | 4 |
_aPS3552.U75 _bD4 1963 |
| 090 |
_aPS3552.U75 _bD4 1963 |
||
| 100 | 1 |
_aBurroughs, William S., _d1914-1997 _eauthor _4aut _0http://id.loc.gov/authorities/names/n79026862 _9153757 |
|
| 245 | 1 | 0 |
_aDead fingers talk / _cWilliam Burroughs. |
| 264 | 1 |
_aLondon : _bJohn Calder ; _a[Paris] : _bOlympia Press, _c1963. |
|
| 300 |
_a215 pages ; _c22 cm |
||
| 336 |
_atext _btxt _2rdacontent |
||
| 337 |
_aunmediated _bn _2rdamedia |
||
| 338 |
_avolume _bnc _2rdacarrier |
||
| 340 |
_m8vo. _2rdabf |
||
| 650 | 0 |
_aDrug abuse _vFiction _9153758 |
|
| 650 | 0 |
_aDrug utilization _vFiction _9153759 |
|
| 655 | 7 |
_aFiction _2lcgft _0http://id.loc.gov/authorities/genreForms/gf2014026339 _9151487 |
|
| 942 |
_2lcc _cBK |
||
| 999 |
_c200468173 _d86385 |
||